Indigenismos antillanos e imagen visual: México, ¿un referente? Yolanda Wood México, ¿un referente?/
En el proceso de fundación de una imagen en las grandes Antillas durante las primeras décadas del siglo XX, se produjo una mirada hacia lo primigenio y autóctono como una forma de recuperación de “lo propio” cuando los territorios vivían en circunstancias históricas de inestabilidad política y ocupa...
Guardado en:
| 主要作者: | |
|---|---|
| 格式: | 圖書 |
| 語言: | Spanish |
| 主題: | |
| 在線閱讀: | texto completo desde el sitio de la revista |
| 標簽: |
添加標簽
沒有標簽, 成為第一個標記此記錄!
|
MARC
| LEADER | 00000nam a22000007a 4500 | ||
|---|---|---|---|
| 003 | cru CIDCACS/IIS | ||
| 005 | 20230902184818.0 | ||
| 007 | ta | ||
| 008 | 200109t2019 mx |||p|r||||||0| ||spa d | ||
| 040 | |c cru CRAI/IIS | ||
| 100 | 1 | |a Wood Pujols, Yolanda |9 8897 | |
| 245 | 1 | |a Indigenismos antillanos e imagen visual: México, ¿un referente? Yolanda Wood |b México, ¿un referente?/ |c Yolanda Wood Pujols | |
| 300 | |a páginas 91-120: |b fotos | ||
| 520 | |a En el proceso de fundación de una imagen en las grandes Antillas durante las primeras décadas del siglo XX, se produjo una mirada hacia lo primigenio y autóctono como una forma de recuperación de “lo propio” cuando los territorios vivían en circunstancias históricas de inestabilidad política y ocupación extranjera. El texto estudia las características de los indigenismos antillanos en la construcción de una identidad nacional y en la configuración de los imaginarios culturales. Se indagan sus relaciones con el indigenismo mexicano como referente y se valoran tendencias visuales diversas a través de autores y obras en los territorios que integran la muestra. El estudio se realiza con una perspectiva interdisciplinaria y comparada a partir de los estudios visuales, y el empleo de fuentes que problematizan los significados de los indigenismos antillanos en sus contextos. RAR 09/2022 | ||
| 650 | 0 | |2 UNESCO |9 4725 |a INDIGENAS | |
| 650 | 0 | |2 ISOC |9 9951 |a IMAGINARIOS | |
| 650 | 0 | |2 ISOC |9 4620 |a IDENTIDAD | |
| 650 | 0 | |2 OCDE |9 4465 |a IDENTIDAD CULTURAL | |
| 773 | 0 | |0 19263 |9 3751 |a Universidad Nacional Autónoma de México, UNAM |d México: UNAM N° 36 (2003- ) |o 18574 |t Latinoamérica: |x 16658574 | |
| 856 | |u http://www.revistadeestlat.unam.mx/index.php/latino/article/view/57092/50878 |y texto completo desde el sitio de la revista | ||
| 942 | |2 ddc |c PP | ||
| 999 | |c 42804 |d 42804 | ||
